Aproximacin̤ a la fase prelegislativa en la elaboracin̤ de normas penales

Detalles Bibliográficos
Autor principal: Gonzl̀ez Hurtado, Jorge Alexandre
Formato: eBook
Lenguaje:español
Publicado: Madrid: Dykinson, 2013
Materias:
Acceso en línea:Acceso restringido

MARC

LEADER 00000nam a22000007a 4500
005 20140724215029.0
007 cr|||| ||||
008 140724s2013 es |||||s|||| 00||0 spa d
020 |a 978-84-9031-947-5 
035 |a 12332 
040 |a vLex 
090 |c 5107  |d 5107 
100 1 |a Gonzl̀ez Hurtado, Jorge Alexandre 
245 1 0 |a Aproximacin̤ a la fase prelegislativa en la elaboracin̤ de normas penales  |h [Recurso electrn̤ico] /  |c Jorge Alexandre Gonzl̀ez Hurtado 
256 |a Servicio en ln̕ea 
260 |a Madrid:  |b Dykinson,  |c 2013 
300 |a 1 recurso electrn̤ico 
500 |a La Comisin̤ General de Codificacin̤ y el Derecho penal en la actualidad. 
506 1 |a Disponible solo en los productos indicados  |d vLex Global  |d vLex Global (Academic Edition, excluding Law Schools)  |d vLex Global (U.S. Academic Edition, Law Schools)  |d vLex Global (U.S. Academic Edition, excluding Law Schools)  |d vLex Global (Academic Edition, Law Schools) 
650 0 4 |a Derecho Penal  |z Espaą 
740 0 |a vLex Libros (Servicio en ln̕ea) 
856 4 0 |u http://vlex.com/source/aproximacion-fase-prelegislativa-elaboracion-normas-penales-12332  |z Acceso restringido 
942 |c BOOK 
999 0 |a Criminal Law